| 000 | 00511nam a2200157Ia 4500 | ||
|---|---|---|---|
| 008 | 240729s9999 xx 000 0 und d | ||
| 022 | _a2783-2864 | ||
| 245 | 0 | _aJournal of Applied Research in Electrical Engineering | |
| 260 | _aIran, Islamic Republic of | ||
| 260 | _bShahid Chamran University of Ahvaz | ||
| 650 | _a Electrical engineering. Electronics. Nuclear engineering | ||
| 650 | _aTechnology | ||
| 856 | _uhttps://doaj.org/toc/c64a8ffe3aa84b968dc3c7f5892f24f5 | ||
| 942 | _2ddc | ||
| 942 | _cDOAJEJ | ||
| 999 |
_c71222 _d71222 |
||
| 945 |
_a1 _bMadushi Gamage _c1 _dMadushi Gamage |
||